Implementácia metódy Viola-Jones pre detekciu tváre v obraze v OS Linux

Saved in:
Bibliographic Details
Main Author: Hlubina, Roman (Author)
Other Authors: Zahradníková, Barbora (Thesis advisor)
Format: Manuscript Book
Language:Slovak
Published: 2016
Subjects:
Online Access:http://is.stuba.sk/zp/portal_zp.pl?podrobnosti=129038
Tags: Add Tag
No Tags, Be the first to tag this record!

MARC

LEADER 00000ntm a22000003a 4500
001 stuzp55132
003 SK-STU
005 20160719154708.8
007 ta
008 150427s2015----xo-----f-mn---000-0-slo-d
040 |a STU  |b slo 
041 0 |a slo 
100 1 |a Hlubina, Roman  |u 066000  |4 aut  |U MTF Materiálovotechnologická fakulta  |T MTF Ústav aplikovanej informatiky, automatizácie a mechatroniky  |X 71872  |U M6000  |Y 86  |7 71872 
242 0 1 |a Implementation of Viola-Jones method for face detection in OS Linux  |y eng 
245 1 0 |a Implementácia metódy Viola-Jones pre detekciu tváre v obraze v OS Linux 
260 |c 2016 
650 4 |a Detekcia  |2 slo 
650 4 |a MATLAB  |2 slo 
650 4 |a Detektor  |2 slo 
650 4 |a Tvár  |2 slo 
650 4 |a Detection  |2 eng 
650 4 |a Detector  |2 eng 
650 4 |a MATLAB  |2 eng 
650 4 |a Face  |2 eng 
700 1 |a Zahradníková, Barbora  |u 066000  |k Z3  |4 ths  |U MTF Materiálovotechnologická fakulta  |T MTF Ústav aplikovanej informatiky, automatizácie a mechatroniky  |X 59595  |U M6000  |Y 86  |7 A000059595 
856 4 |u http://is.stuba.sk/zp/portal_zp.pl?podrobnosti=129038 
996 |c M* BP-7581  |l MMSKP  |s P  |a 0  |w stuzp55132_0001 
SQL |a stuzp55132  |b DBP  |c SLO  |d Implementácia metódy Viola-Jones pre detekciu tváre v obraze v OS Linux  |e 71872  |f Hlubina, Roman  |g 066000  |h 59595  |i Zahradníková, Barbora  |j 20160621  |k 168  |l 06  |m http://is.stuba.sk/zp/portal_zp.pl?podrobnosti=129038  |n B-AIA  |o 5.2.14. automatizácia, 9.2.9. aplikovaná informatika